| 000 | 00710cam a2200241 a 4500 | ||
|---|---|---|---|
| 001 | 2406389 | ||
| 003 | NUST - PNEC | ||
| 005 | 20170116180955.0 | ||
| 008 | 860904s1987 nyu c 001 0 eng | ||
| 010 | _a 86024551 | ||
| 020 | _a0442226586 | ||
| 040 | _cLIBRARY | ||
| 082 | 0 | 0 | _a621 FAL |
| 100 | 1 |
_aFalk, Howard, _d1927- |
|
| 245 | 1 | 0 |
_aMicrocomputer software for mechanical engineers _cHoward Falk. |
| 260 |
_aNew York : _bVan Nostrand Reinhold Co., _cc1987. |
||
| 300 |
_aix, 420 p. ; _c24 cm. |
||
| 500 | _aIncludes index. | ||
| 650 | 0 |
_aMechanical engineering _xSoftware _xME |
|
| 650 | 0 |
_aMicrocomputers _xProgramming. |
|
| 906 |
_a7 _bcbc _corignew _d1 _eocip _f19 _gy-gencatlg |
||
| 942 |
_2ddc _cBK |
||
| 999 |
_c66513 _d66513 |
||